| 000 | 02523cam a22004454i 4500 | ||
|---|---|---|---|
| 003 | PE-LiUPU | ||
| 005 | 20250731184106.0 | ||
| 008 | 150623s r 000 0 d | ||
| 035 | _a(Sirsi) a29448 | ||
| 040 |
_aPE-LiUPU _bspa _cPE-LiUPU _erda |
||
| 082 | 0 | 4 |
_a809 _bM77 _221 |
| 100 | 1 |
_aMontaner y Simon, _eautor. |
|
| 245 | 1 | 3 | _aLa literatura a través de los tiempos. |
| 264 | 1 |
_aBarcelona : _bMontaner y Simons S.A., _c1979. |
|
| 300 |
_a2 t. : _bil., Fotos ; _c25 cm. |
||
| 336 |
_atext _2rdacontent |
||
| 337 |
_aunmediated _2rdamedia |
||
| 338 |
_avolume _2rdacarrier |
||
| 505 | 0 | _aLitearturas Orientales, la literatura Griega. - La literatura Latina. - La Literartura Española: De los orígene a Jorge Manrrique. - Los inicios del humanísmo en España y el siglo de Oro. - El Siglo de Oro. Culteralísmo y conceptísmo. La literatura neoclásica española. - El Romanticismo. Pensadores e investigadores del siglo XIX. - La Literartura española en el siglo XX. | |
| 526 | _aP145 | ||
| 526 | _aP127 | ||
| 526 | _aP97 | ||
| 526 | _aP14 | ||
| 526 | _aP07 | ||
| 650 | 0 | 4 |
_aLiteratura _xhistoria. |
| 942 |
_2ddc _cBOOK |
||
| 949 |
_a809 M77 _wDEWEY _c1 _i25372 _lCCODEBUL1 _mBUL _p00.00 _r0 _sY _tBOOK _u2015-06-24 _xBIBLIOTECA _zUNKNOWN _0COMPRA _o.STAFF. Colección General |
||
| 949 |
_a809 M77 _wDEWEY _c2 _i25016 _lCCODEBUL1 _mBUL _p00.00 _r0 _sY _tBOOK _u2015-06-24 _xBIBLIOTECA _zUNKNOWN _0COMPRA _o.STAFF. Colección General |
||
| 949 |
_a809 M77 _wDEWEY _c3 _i25371 _lCCODEBUL1 _mBUL _p00.00 _r0 _sY _tBOOK _u2015-06-24 _xBIBLIOTECA _zUNKNOWN _0COMPRA _o.STAFF. Colección General |
||
| 949 |
_a809 M77 _wDEWEY _c4 _i25017 _lCCODEBUL1 _mBUL _p00.00 _r0 _sY _tBOOK _u2015-06-24 _xBIBLIOTECA _zUNKNOWN _0COMPRA _o.STAFF. Colección General |
||
| 596 | _a1 | ||
| 999 |
_a809 M77 _wDEWEY _c36805 _i25372 _d36805 _e2019-9-30 _f2021-11-5 _g5 _lCCODEBUL1 _mBUL _n1 _q1 _r0 _sY _tBOOK _u2015-6-24 _xBIBLIOTECA _zUNKNOWN _0COMPRA _o.STAFF. Colección General |
||
| 999 |
_a809 M77 _wDEWEY _c2 _i25016 _d2015-11-22 _e2015-11-20 _f2021-11-9 _g5 _lCCODEBUL1 _mBUL _n1 _r0 _sY _tBOOK _u2015-6-24 _xEDUCACION _zUNKNOWN _0COMPRA _o.STAFF. Colección General |
||
| 999 |
_a809 M77 _wDEWEY _c3 _i25371 _f2021-11-9 _g5 _lCCODEBUL1 _mBUL _r0 _sY _tBOOK _u2015-6-24 _xEDUCACION _zUNKNOWN _0COMPRA _o.STAFF. Colección General |
||
| 999 |
_a809 M77 _wDEWEY _c4 _i25017 _f2021-11-5 _g4 _lCCODEBUL1 _mBUL _r0 _sY _tBOOK _u2015-6-24 _xBIBLIOTECA _zUNKNOWN _0COMPRA _o.STAFF. Colección General |
||
| 980 |
_81 _gALBERTO SANCHEZ Responsable de Automatización |
||